|
|
|
|
| LEADER |
00000nas a2200000 i 4500 |
| 001 |
ssj0000884227 |
| 003 |
WaSeSS |
| 005 |
20200512172242.0 |
| 006 |
m d |
| 007 |
cr n |
| 008 |
130502c19999999xv qr p s | 0slv |
| 010 |
|
|
|a 2013214662
|
| 022 |
|
|
|y 1580-0253
|
| 035 |
|
|
|a (WaSeSS)ssj0000884227
|
| 040 |
|
|
|a DLC
|b eng
|c DLC
|d OCLCO
|d OCoLC
|d WaSeSS
|
| 041 |
0 |
|
|a slv
|a eng
|
| 042 |
|
|
|a pcc
|
| 043 |
|
|
|a e------
|
| 050 |
0 |
0 |
|a HV6026.S57
|b V37
|
| 245 |
0 |
0 |
|a Varstvoslovje
|h [electronic resource].
|
| 246 |
1 |
1 |
|a Journal of criminal justice and security
|
| 260 |
|
|
|a Ljubljana :
|b Fakulteta za varnostne vede
|
| 310 |
|
|
|a Quarterly
|
| 362 |
1 |
|
|a Began in 1999.
|
| 500 |
|
|
|a "Revija za teorijo in prakso zagotavljanja varnosti."
|
| 506 |
|
|
|a License restrictions may limit access.
|
| 546 |
|
|
|a Slovenian and English.
|
| 588 |
|
|
|a Description based on: Letnik 10, številka 1 (2008); title from cover.
|
| 588 |
|
|
|a Latest issue consulted: Letnik 15, številka 1 (2013).
|
| 650 |
|
0 |
|a Crime
|v Periodicals.
|
| 650 |
|
0 |
|a Crime
|z Europe
|v Periodicals.
|
| 655 |
|
0 |
|a Electronic journals.
|
| 710 |
2 |
|
|a Univerza v Mariboru.
|b Fakulteta za varnostne vede.
|
| 850 |
|
|
|a DLC
|
| 856 |
4 |
0 |
|z Full text available from Research Library: 01/01/2012 to present
|u https://search.proquest.com/publication/1336359
|